000
00206 a2200097 4500
001
56813
100
_a
245
_a
Physics, 5th ed vol.1
260
_a
NY
_b
John Wilay & sons
_c
2005
090
_c
34897
_d
34897
942
_a
NUST-CAE
_c
_c
27665
999
_c
291886
_d
291886